Vodárne a kanalizácie: spomienky a budúcnosť. 1

Budovanie súčasnej infraštruktúry vodárenských podnikov na Slovensku. Stručný vývoj organizácie a riadenia vodného hospodárstva. Podmienky technického rozvoja. Rozvoj skupinových vodovodov. Rozdielna úroveň vo vybavenosti obcí vodovodmi a kanalizáciami.

Salvato in:
Dettagli Bibliografici
Autore principale: Stein, F.
Natura: Capitolo di libro
Lingua:slovacco
Soggetti:
Tags: Aggiungi Tag
Nessun Tag, puoi essere il primo ad aggiungerne!!

MARC

LEADER 00000naa a2200000 4500
001 r019755
005 20221205102127.3
041 0 |a slo 
044 |a SK 
245 1 0 |a Vodárne a kanalizácie: spomienky a budúcnosť. 1  |c F. Stein 
520 |a Budovanie súčasnej infraštruktúry vodárenských podnikov na Slovensku. Stručný vývoj organizácie a riadenia vodného hospodárstva. Podmienky technického rozvoja. Rozvoj skupinových vodovodov. Rozdielna úroveň vo vybavenosti obcí vodovodmi a kanalizáciami. 
610 2 0 |a Slovensko 
610 2 0 |a 1945-1995 
610 2 0 |a vodohospodárstvo 
610 2 0 |a vodárenstvo 
610 2 0 |a siete kanalizačné 
610 2 0 |a Vodárne a kanalizácie, š.p. Bratislava 
610 2 0 |a VaK 
610 2 0 |a vodovody 
610 2 0 |a kanalizácia 
100 1 |a Stein, F.